Italian Cuisine - Sudden Death - Statistics

General Stats
  • This quiz has been taken 195 times
  • The average score is 12 of 17
Answers on the Grid
Answers color-coded by a green-red scale on the quiz's grid according to % correct below.
Tiramisu
Biscotti
Limoncello
Empanadas
Limonana
Bruschetta
Crostino
Babaofan
Thalipeeth
Lahmacun
Arancini
Pizza
Jambalaya
Koshari
Risotto
Rendang
Ribollita
Osso Buco
Sciusceddu
Zeljanica
Kuluban
Muffuletta
Sardenaira
Vincisgrassi
Cassoeula
Machaca
Lumpia
Affogato
Fesenjan
Pandoro
 
Answer Stats
Answer % Correct
Tiramisu
98%
Bruschetta
94%
Biscotti
93%
Pizza
92%
Risotto
92%
Limoncello
88%
Affogato
86%
Arancini
78%
Crostino
66%
Osso Buco
66%
Pandoro
66%
Ribollita
55%
Muffuletta
52%
Vincisgrassi
51%
Sardenaira
46%
Cassoeula
39%
Sciusceddu
33%
No matching quizzes found
Score Distribution
Percent of People with Each Score
Percentile by Number Answered
Your Score History
You have not taken this quiz